| 000 | 01242nam0a2200325 4500 | ||
|---|---|---|---|
| 001 | RU\NLR\bibl\1453141 | ||
| 005 | 20250615232604.0 | ||
| 010 |
_a978-5-903619-02-3 _950 |
||
| 021 |
_aRU _b2009-86611 _95453 |
||
| 035 | _a(NLR Aleph) 001444949 | ||
| 090 |
_a1486623 _c1486623 |
||
| 100 | _a20091216d2009 |||y0rusy50 ca | ||
| 101 | 0 | _arus | |
| 102 | _aRU | ||
| 105 | _aa ||||||||| | ||
| 200 | 1 |
_aБельканто первой половины XIX века _eпособие для певцов, студентов вокальных факультетов _fА. Хоффманн |
|
| 210 |
_aМосква _cБиблиофон _d2009 |
||
| 215 |
_a176, [1] с. _cнот. _d21 |
||
| 320 | _aБиблиогр.: с. 163-176 и в подстроч. примеч. | ||
| 606 | 1 |
_aМузыка _jУчебные издания _z19 в. _91395291 _3RU\NLR\auth\66586832 |
|
| 606 | 1 |
_aБельканто _jУчебные издания _91120752 _3RU\NLR\auth\66124244 |
|
| 686 | _aЩ313(0)5 | ||
| 686 | _aЩ310.714.3 | ||
| 700 | 1 |
_aХоффманн _bА. Е. _gАнна Евгеньевна _4070 |
|
| 801 | 0 |
_aRU _bNLR _c20091216 _gRCR |
|
| 801 | 1 |
_aRU _bNLR _c20091216 |
|
| 830 | _aавт. по кн. | ||
| 942 | _cBOOK | ||
| 980 | _aNB | ||